Sudden Death Spelling: World Capitals #1 - Statistics

General Stats
  • This quiz has been taken 201 times
  • The average score is 8 of 12
Answers on the Grid
Answers color-coded by a green-red scale on the quiz's grid according to % correct below.
Riyadh
Rhiyadh
Riyahd
Saintiago
Sanatigo
Santiago
Rabat
Rabbat
Rabatt
Tallin
Tallinn
Talinn
Rigga
Riga
Riggi
Teggucigala
Taguciglapa
Tegucigalpa
Ades Ababa
Addis Ababa
Addis Abba
Amsterdam
Amsturdam
Amsturdham
Baku
Backu
Bhiku
Brutislav
Bratislava
Brathisleva
Kanberra
Canberra
Khanberra
Brussels
Brusels
Brusells
 
Answer Stats
Answer % Correct
Santiago
95%
Riyadh
88%
Rabat
69%
Riga
69%
Amsterdam
67%
Brussels
66%
Canberra
66%
Bratislava
65%
Tallinn
65%
Baku
64%
Addis Ababa
59%
Tegucigalpa
56%
No matching quizzes found
Score Distribution
Percent of People with Each Score
Percentile by Number Answered
Your Score History
You have not taken this quiz